Fr. Conceicao Rodrigues College of Engineering

Concepts and techniques of Geographic Information systems (Record no. 33475)

MARC details
000 -LEADER
fixed length control field 00365nam a2200145Ia 4500
082 ## - DEWEY DECIMAL CLASSIFICATION NUMBER
Classification number 658.4038
Item number LO
100 ## - MAIN ENTRY--PERSONAL NAME
Personal name Lo/C.P/ Yeung/Albert K.W
245 ## - TITLE STATEMENT
Title Concepts and techniques of Geographic Information systems
260 ## - PUBLICATION, DISTRIBUTION, ETC.
Name of publisher, distributor, etc. Prentice Hall of India
Date of publication, distribution, etc. 2004
300 ## - PHYSICAL DESCRIPTION
Extent 492
546 ## - LANGUAGE NOTE
Language note ENGLISH
654 ## - SUBJECT ADDED ENTRY--FACETED TOPICAL TERMS
Focus term geographic information
942 ## - ADDED ENTRY ELEMENTS (KOHA)
Koha item type BOOK
Holdings
Withdrawn status Lost status Damaged status Not for loan Collection Home library Current library Date acquired Total Checkouts Full call number Barcode Date last seen Price effective from Koha item type
        CRC Fr. Agnel's C.Rodrigues College of Engineering Fr. Agnel's C.Rodrigues College of Engineering 17/03/2023   658.4038 LO 15519 17/03/2023 17/03/2023 BOOK